| 000 | 00658nam a22001937a 4500 | ||
|---|---|---|---|
| 999 |
_c171980 _d171980 |
||
| 005 | 20200124112602.0 | ||
| 010 | _aUR-10678 | ||
| 020 |
_c90.00 _a- |
||
| 035 | _aU-9233 | ||
| 037 |
_bDBAD/PUB _a- |
||
| 082 | _a840.08 | ||
| 100 | _aمر تبہ:عزيز آ ز ا د | ||
| 245 |
_aتز کر ہءشعر ا ۓ بيکا نير _cمر تبہ:عزيز آ ز ا د |
||
| 246 |
_bTazkera Shora-e-Bikaner (Urdu) _aEdited by Azeez Azad |
||
| 260 |
_aRajisthan _bRajisthan Urdu Academy _c2019 ء |
||
| 270 |
_aJ-3,Subhash Marg,"C"Scheme, _bJaipur _e302001 _k0141382664 _l- |
||
| 300 |
_a144 ص _c22 Cm(Hb) |
||
| 942 |
_2ddc _cUR _h840.08 _mت ز ک |
||